Регионална библиотека "Любен Каравелов" - Русе

Човешкото тяло (Запис номер 475112)

MARC детайли
000 -Лидер
Контролно поле с фиксирана дължина 01793nam a2200409 a 4500
003 - Код на организацията, давaща контролен номер
Контролно поле BLK
005 - Дата и час на последна редакция
Контролно поле 20250715114734.0
008 - Елементи от данни с фиксирана дължина
fixed length control field 180409b bul|||||r ||||||| ||bul||
020 ## - Международен стандартен номер на книга ISBN
Международен стандартен номер на книга ISBN 9789546609625
040 ## - Източник на каталожния запис
Идентификатор на билиотеката - собственик на записа BLK
041 ## - Код за език
Код за езика на текст/звукозапис или на отделно заглавие Български
Код за езика КДБФ Български
080 ## - УДК
Текстов определител УДК Медицина
УДК код - определител по УДК 61
УДК определител (031)
УДК - код + определител 61(031)
100 ## - Редна дума - Автор
R(LIN) 416594
Автор Кесир-Льопети, Еманюел
Авторска отговорност първи автор
139 ## - Редно поле
Редна дума Кесир-Льопети, Еманюел
Авторски знак Кес - К 53
245 10 - Сведения за заглавието
Заглавие Човешкото тяло
Редно поле (дума) Еманюел Пети ; концепция Жак Бомон ; ил. Франсоа Даниел, Ан дьо Шамбурси ; прев. Вълчан Вълчанов.
260 ## - Област на издателските данни
Място на издаване, разпространение и проч. София
Име на издателя, разпространителя и проч. ПАН
Година на издаване 2018
9 (RLIN) 209558
Издателство - префикс ISBN 978-954-660- ; 978-954-657-
300 ## - Физическа характеристика
Страници 46 с.
Илюстрации и др. с цв. ил.
Размери/Мащаб 24х21 см
380 ## - Жанр
Жанр Детска отраслова лит.
490 ## - СЕРИИ (Колекции)
Име на серия Енциклопедия за деца
9 (RLIN) 481435
500 ## - Общи забележки
Забележка Авт. Еманюел Пети известен като Еманюел Кесир-Льопети.
650 #0 - Допълнително описание по предмет – тема
Основно описание – тема или топоним Анатомия - на човека
9 (RLIN) 254168
650 #0 - Допълнително описание по предмет – тема
Основно описание – тема или топоним Физиология - на човека
9 (RLIN) 254167
653 #7 - Ключова дума – ненормативна
Ключова дума човешко тяло
9 (RLIN) 200724
653 #0 - Ключова дума – ненормативна
Ключова дума жизнени процеси
9 (RLIN) 481464
653 #7 - Ключова дума – ненормативна
Ключова дума органи
9 (RLIN) 192904
653 #7 - Ключова дума – ненормативна
Ключова дума сетива
9 (RLIN) 196520
653 #7 - Ключова дума – ненормативна
Ключова дума енциклопедии
653 ## - Ключова дума – ненормативна
Ключова дума литература за деца
700 ## - Други автори (авторска отговорност)
9 (RLIN) 645
Лично име Бомон, Жак
Автороска отговорност (Описва отношението между автора и произведението) концепция
700 ## - Други автори (авторска отговорност)
9 (RLIN) 599
Лично име Даниел, Франсоа
Автороска отговорност (Описва отношението между автора и произведението) ил.
700 ## - Други автори (авторска отговорност)
9 (RLIN) 599
Лично име Шамбурси, Ан дьо
Автороска отговорност (Описва отношението между автора и произведението) ил.
700 1# - Други автори (авторска отговорност)
9 (RLIN) 49895
Лично име Вълчанов, Вълчан
Автороска отговорност (Описва отношението между автора и произведението) прев.
700 ## - Други автори (авторска отговорност)
9 (RLIN) 481432
Лично име Пети, Еманюел
852 ## - Местоположение
Фондова буква Детски отдел
Систематично-азбучна сигнатура 61/К 53 Е
999 ## - СИСТЕМНИ КОНТРОЛНИ НОМЕРА
Koha biblionumber 475112
Koha biblioitemnumber 475112
942 ## - АРТИКУЛИ
Вид на библиотечния материал Книги
Скрит в OPAC Не
Периодичен библиозапис Да
Koha issues (borrowed), all copies 18
944 ## - СЪЗДАВАНЕ И РЕДАКЦИЯ на ЗАПИСА
Създаване/Редакция Създаване
Дата на регистрацията/редакция 2022-10-05
Служител, извършил регистрацията/редакцията 30542
Статус, дата на статуса Русанова Ирена
Наличности
Код за отписване Код за изгубен артикул Източник на класификационната схема Код за повреда Коз за рестрикции Код за отдаване Артикулен № Име на библиотеката - собственик Име на библиотеката, в която се намира в момента Статус (Текущо местоположение) Дата на вписване в системата Местоположение - отдел Цена в лева Систематично азбучна сигнатура Баркод Цена в евро Служебен тип на артикула
  Не е изгубен Universal Decimal Classification Не е повреден без рестрикции заемане за дома 907024 Регионална библиотека "Любен Каравелов" Русе Регионална библиотека "Любен Каравелов" Русе Детски отдел 2022-10-07 Детски отдел 10.42 61/К 53 Е 120000878127 5.33 Книги
  Не е изгубен Universal Decimal Classification Не е повреден без рестрикции заемане за дома 907025 Регионална библиотека "Любен Каравелов" Русе Регионална библиотека "Любен Каравелов" Русе Детски отдел 2022-10-07 Детски отдел 10.42 61/К 53 Е 120000878126 5.33 Книги
Vip Innovations Ltd, Rousse, Bulgaria 2025